Представление документа в формате RUSMARC

ПолеНазваниеЗначение
  Тип записи a
  Библиографический уровень m
001 Контрольный номер 3cc0d48b458b4ab991007204099cfd27
005 Дата корректировки 20170712132943.1
010 Индекс ISBN __
a ISBN 978-5-39200275-7
101 Язык документа 0_
a Язык текста rus
102 Страна публикации __
a Страна публикации RU
200 Заглавие и сведения об ответственности 1_
a Заглавие Английский язык для экономистов. Грамматика
b Общее обозначение материала Текст
e Сведения, относящиеся к заглавию учеб. пособие
f Первые сведения об ответственности С.А. Шевелева
210 Выходные данные 1_
a Место издания М.
c Издательство Проспект
d Дата издания 2009
215 Физическое описание __
a Объем 336 с.
c Иллюстрации/тип воспроизводства ил.
610 Ключевые слова 0_
a Ключевые слова Английский язык
a Ключевые слова грамматика английского языка
a Ключевые слова английский для экономистов
686 Индексы других классификаций __
a Классификационный индекс 81.2 Англ
700 Автор _1
a Фамилия Шевелева
b Имя С.А.
g Полное личное имя Светлана Александровна
801 Источник записи _0
a Страна RU
b Организация РУК
g Правила каталогизации PSBO
801 Источник записи _1
a Страна RU
b Организация РУК
g Правила каталогизации PSBO
852 Данные о местонахождении __
i Авторский знак Ш 371
j Шифр хранения ББК 81.2 Англ
901 Тип документа __
t Тип документа m
937 Технологическая информация __
a Создатель записи (имя) Фролов
938 Служебная информация __
a Название организации Владимирский филиал
952 Тип литературы __
c Вид литературы учебное пособие